000 00814nam a22001817a 4500
999 _c15090
_d15090
003 OSt
082 _2631.75807 ABH/GR
088 _aT 178
100 _aABHIJEET HINDURAO SURVE
_93553
245 _aGrey water treatment by constructed wetland
260 _aTavanur 2007
_bDepartment of Land and Water Resources and Conservation Engineering
300 _a122
500 _aGrey water treatment by constructed wetland
520 _aGrey water treatment by constructed wetland. pollution of water bodies can result in the death of aquatic animals, enhanced growth of aquatic plants which causes meandering of flow and floods. waste water mosquito dengue chikkenguniya ....
700 _aEr. Rema K. P (Guide)
_93554
856 _uhttps://drive.google.com/open?id=1pbQ98JxhqkxB67JxrsH5UObkJuzRqZYJ
942 _cTH